|
|
|
|
| LEADER |
00000cam a2200000 a 4500 |
| 001 |
vtls001092242 |
| 003 |
SK-MaSNL |
| 005 |
20260301104454.0 |
| 008 |
180815s1983 xo a b np 00000 slo |
| 015 |
|
|
|a SNBA1983/09
|
| 035 |
|
|
|a SNK000035084
|
| 040 |
|
|
|a SNK
|b slo
|c SNK
|e AACR2
|
| 041 |
0 |
|
|a slo
|
| 044 |
|
|
|a xo
|c SK
|
| 080 |
|
|
|a 621(075.4)
|2 1981
|
| 245 |
0 |
0 |
|a Odborné inovácie v strojárstve
|b študijné texty na prípravu pedagogických pracovníkov na nové poňatie obsahu a metód vzdelávania na stredných školách
|c zostavil Milan Hutta
|
| 250 |
|
|
|a 1. vyd.
|
| 260 |
|
|
|a Bratislava
|b Slovenské pedagogické nakladateľstvo
|c 1983
|e Nitra
|f Nitrianske tlačiarne
|
| 300 |
|
|
|a 277 s.
|b 1 sch., tab.
|c 29 cm
|
| 366 |
|
|
|e 7650 výtl.
|
| 504 |
|
|
|a Obsahuje bibliografiu
|
| 650 |
0 |
7 |
|a strojárstvo
|2 SNKPH
|9 674
|
| 655 |
|
7 |
|a učebné texty
|2 SNKPH
|9 70568
|
| 700 |
1 |
|
|a Hutta, Milan,
|d 1928-1989
|4 com
|9 52266
|
| 958 |
|
|
|a OND
|
| 958 |
|
|
|a NB
|
| 958 |
|
|
|a CZ
|
| 958 |
|
|
|a TL
|
| 999 |
|
|
|c 698199
|d 700129
|
| 952 |
|
|
|a SNK
|b SNK
|y PREZ
|7 0
|p 17A0776331
|o snkSB 36447
|i snkKSP 6931/83
|0 0
|1 0
|4 0
|d 2012-03-27
|f 1
|l 0
|r 2025-04-15 00:00:00
|w 2026-02-23
|
| 952 |
|
|
|a SNK
|b SNK
|y PREZ
|7 0
|p 17A1019706
|o snkSB 36447 príl.
|i snkKSP 6931/83
|3 Príloha: výkres 1 ks
|z Príloha: výkres 1 ks
|0 0
|1 0
|4 0
|d 2013-04-29
|l 0
|r 2025-04-15 00:00:00
|w 2026-02-23
|
| 952 |
|
|
|t P60, <04>, [BOOK], {604}
|a SNK
|b SNK
|y VYP
|7 0
|p 17A0061455
|o snkSB 36447 D1
|0 0
|1 0
|4 0
|d 1997-04-18
|l 0
|r 2004-12-31 00:00:00
|w 2026-02-23
|